Countries by Most Popular Sport - 90 Seconds - Statistics

General Stats
  • This quiz has been taken 454 times
  • The average score is 172 of 183
Answers on the Map
Answers color-coded by a green-red scale on the quiz's map according to % correct below.
 
Answer Stats
Country % Correct
Soccer Albania
100%
Soccer Algeria
100%
Soccer Andorra
100%
Soccer Angola
100%
Soccer Argentina
100%
Soccer Armenia
100%
Soccer Azerbaijan
100%
Soccer Bahrain
100%
Soccer Belarus
100%
Soccer Belgium
100%
Soccer Belize
100%
Soccer Benin
100%
Soccer Bolivia
100%
Soccer Bosnia and Herzegovina
100%
Soccer Botswana
100%
Soccer Brazil
100%
Soccer Brunei
100%
Soccer Bulgaria
100%
Soccer Burkina Faso
100%
Soccer Burundi
100%
Soccer Cameroon
100%
Soccer Cape Verde
100%
Soccer Central African Republic
100%
Soccer Chad
100%
Soccer Chile
100%
Soccer Colombia
100%
Soccer Costa Rica
100%
Soccer Croatia
100%
Soccer Cyprus
100%
Soccer Czech Republic
100%
Soccer Democratic Republic of the Congo
100%
Soccer Denmark
100%
Soccer Djibouti
100%
Soccer Ecuador
100%
Soccer Egypt
100%
Soccer El Salvador
100%
Soccer Equatorial Guinea
100%
Soccer Eritrea
100%
Soccer Eswatini
100%
Soccer Ethiopia
100%
Soccer France
100%
Soccer Gabon
100%
Soccer Gambia
100%
Soccer Georgia
100%
Soccer Germany
100%
Soccer Ghana
100%
Soccer Greece
100%
Soccer Guatemala
100%
Soccer Guinea
100%
Soccer Guinea-Bissau
100%
Soccer Haiti
100%
Soccer Honduras
100%
Soccer Hungary
100%
Soccer Iceland
100%
Soccer Indonesia
100%
Soccer Iran
100%
Soccer Iraq
100%
Soccer Ireland
100%
Soccer Israel
100%
Soccer Italy
100%
Soccer Ivory Coast
100%
Soccer Jordan
100%
Soccer Kazakhstan
100%
Soccer Kenya
100%
Australian Rules Soccer Kiribati
100%
Soccer Kosovo
100%
Soccer Kuwait
100%
Soccer Kyrgyzstan
100%
Soccer Lebanon
100%
Soccer Lesotho
100%
Soccer Liberia
100%
Soccer Libya
100%
Soccer Liechtenstein
100%
Soccer Luxembourg
100%
Soccer Madagascar
100%
Soccer Malawi
100%
Soccer Malaysia
100%
Soccer Mali
100%
Soccer Malta
100%
Soccer Mauritania
100%
Soccer Mauritius
100%
Soccer Mexico
100%
Soccer Moldova
100%
Soccer Monaco
100%
Soccer Morocco
100%
Soccer Mozambique
100%
Soccer Myanmar
100%
Soccer Namibia
100%
Soccer Netherlands
100%
Soccer Niger
100%
Soccer Nigeria
100%
Soccer North Korea
100%
Soccer North Macedonia
100%
Soccer Norway
100%
Soccer Oman
100%
Soccer Panama
100%
Soccer Paraguay
100%
Soccer Peru
100%
Soccer Poland
100%
Soccer Portugal
100%
Soccer Qatar
100%
Soccer Republic of the Congo
100%
Soccer Romania
100%
Soccer Russia
100%
Soccer Rwanda
100%
Soccer San Marino
100%
Soccer São Tomé and Príncipe
100%
Soccer Saudi Arabia
100%
Soccer Senegal
100%
Soccer Serbia
100%
Soccer Seychelles
100%
Soccer Sierra Leone
100%
Soccer Slovakia
100%
Soccer Slovenia
100%
Soccer Somalia
100%
Soccer South Africa
100%
Soccer South Korea
100%
Soccer Spain
100%
Soccer Sudan
100%
Soccer Suriname
100%
Soccer Sweden
100%
Soccer Switzerland
100%
Soccer Syria
100%
Soccer Tajikistan
100%
Soccer Tanzania
100%
Soccer Thailand
100%
Soccer Togo
100%
Soccer Tunisia
100%
Soccer Turkey
100%
Soccer Turkmenistan
100%
Soccer Uganda
100%
Soccer Ukraine
100%
Soccer United Kingdom
100%
Soccer Uruguay
100%
Soccer Uzbekistan
100%
Soccer Vanuatu
100%
Soccer Vietnam
100%
Soccer Yemen
100%
Soccer Zambia
100%
Soccer Zimbabwe
100%
American Football United States
99%
Ice Hockey Canada
95%
Ice Hockey Finland
95%
Cricket Afghanistan
90%
Cricket Antigua and Barbuda
90%
Cricket Australia
90%
Cricket Bahamas
90%
Cricket Bangladesh
90%
Cricket Barbados
90%
Cricket Dominica
90%
Cricket Grenada
90%
Cricket Guyana
90%
Cricket India
90%
Cricket Jamaica
90%
Cricket Nepal
90%
Cricket Pakistan
90%
Cricket Saint Kitts and Nevis
90%
Cricket Saint Lucia
90%
Cricket Saint Vincent and the Grenadines
90%
Cricket Sri Lanka
90%
Cricket Trinidad and Tobago
90%
Cricket United Arab Emirates
90%
Baseball Cuba
77%
Baseball Dominican Republic
77%
Baseball Japan
77%
Baseball Nicaragua
77%
Baseball Taiwan
77%
Baseball Venezuela
77%
Basketball Latvia
75%
Basketball Lithuania
75%
Basketball Philippines
75%
Rugby Fiji
70%
Rugby New Zealand
70%
Rugby Papua New Guinea
70%
Rugby Samoa
70%
Rugby Tonga
70%
Table Tennis China
53%
Skiing Austria
35%
Skiing Estonia
35%
Wrestling Mongolia
34%
Archery Bhutan
19%
Kickboxing Cambodia
4%
Kickboxing Laos
4%
No matching quizzes found
Score Distribution
Percent of People with Each Score
Percentile by Number Answered
Your Score History
You have not taken this quiz